000 00665nam a2200241 i 4500
001 C2-0145593
003 PPAK
005 20180727130907.0
008 980307s1994 enka|||| ||||| | eng d
020 _a075130087X
040 _aPPAK
_beng
_cPPAK
_erda
082 0 4 _a629.28772
_223
090 0 0 _a629.28772
_bBAL
_dR
100 1 _aBallantine, Richard,
_eauthor
245 1 0 _aRichards' bicycle rrepair manual
264 1 _aLondon :
_bDorling Kindersley ,
_c1994
300 _a96 pages :
_bcolour illustrations ;
_c21 cm
336 _2rdacontent
_atext
337 _2rdamedia
_aunmediated
338 _2rdacarrier
_avolume
700 _eauthor
942 _ddc
_cB
999 _c46161
_d46161